000 00242nam a22001097a 4500
041 _aENG
245 _aThe First Citizens' Report 1982
260 _aDelhi
_bCentre For Science
_c1982
300 _a191
650 _aSWCE
856 _uSWCE ( 24 )
999 _c1809
_d1809